000 02949nam a2200373 i 4500
001 768714001
003 CO-MdFUSB
005 20260414120255.0
007 ta
008 241001t1973 sp b|||| b||| 001 0 spa d
040 _bspa.
_aCO-MdFUSB
_cCO-MdFUSB
_dCO-MdFUSBC
_erda
041 _aspa
_hger
082 _223
_a225.6
_bSCH378
100 _aSchreiner, Josef,
_eautor
240 _aGestalt und Anspruch des Neuen Testaments.
245 1 _aForma y propósito del Nuevo Testamento :
_bintroducción a su problemática
_c/ Josef Schreiner ; traducido por Alejandro Esteban Lator Ros
264 1 _aBarcelona, España :
_bHerder,
_c[1973]
264 4 _c©1973
300 _a474 páginas
_b: mapas
_c; 22 cm
336 _2rdacontent
_atexto
_btxt
337 _2rdamedia
_asin mediación
_bn
338 _2rdacarrier
_avolumen
_bnc
490 _aBiblioteca Herder
500 _aqIncluye índice de citas bíblicas, sinopsis cronológica de los escritos neotestamentarios, bibliografía, abreviaturas y siglas.
505 _aJosef Schreiner, Münster: El mensaje neotestamentario y la palabra de Dios en el Antiguo Testamento. -- Gerhard Dautzenberg, Wurzburgo: Lenguaje y forma de los escritos del Nuevo Testamento. -- Joachim Gnilka, Münster: Pablo y su transmisión del kerygma cristiano primitivo a los gentiles. -- Philipp Seidensticker, Paderborn: La nueva existencia del creyente en la concepción paulina. -- Karl Maly, Stuttgart: Pablo, fundador de comunidades. -- Gerhard Dautzenberg, Wurzburgo: Teología y cura de almas según la tradición paulina. -- Norbert Brox, Salzburgo: Ministerio, Iglesia y teología en la época postapostólica: cartas pastorales. -- Paul Hoffmann, Münster: Comienzos de la teología en la fuente de los "logia". -- Karl Kertelge, Tréveris: La Epifanía de Jesús en el Evangelio (Marcos). -- Georg Ziener, Hünfeld: La cuestión sinóptica. -- Wolfgang Trilling, Leipzig: Mateo, el Evangelio eclesial: historia de la tradición y teología. -- Karl Löning, Münster: Lucas, teólogo de la historia de la salvación concluida por Dios (Lc, Act). -- Gerhard Dautzenberg, Wurzburgo: La historia de Jesús en el Evangelio de Juan. -- Anselm Schulz, Vilshofen: Formas fundamentales de la parénesis primitiva. -- Elisabeth Fiorenza, Münster: El promotor y consumador de nuestra fe: sobre la inteligencia teológica de la carta a los hebreos. -- Wilhelm Thüsing, Münster: Fe en el amor: las cartas de Juan. -- Georg Ziener, Hünfeld: Seguridad de la recta doctrina: formas de enfrentamiento con la herejía en la época neotestamentaria.
563 _aRústica
630 0 7 _aBiblia.
_pNuevo Testamento
653 _aIntroducción Nuevo Testamento — Crítica e interpretación
653 _aTeología del Nuevo Testamento
653 _aFormación del Nuevo Testamento
700 _aLator Ros, Alejandro Esteban
_910823
_etraductor
942 _cBK
945 _aCatherine Arias Alvarez
999 _c71007
_d71007